A Textbook on chemistry practical : (Record no. 83632)

MARC details
000 -LEADER
fixed length control field 00663nam a22002057a 4500
005 - DATE AND TIME OF LATEST TRANSACTION
control field 20140702115549.0
010 ## - LCCN (DPL NO)
LC control number ENG-109747
020 ## - INTERNATIONAL STANDARD BOOK NUMBER
International Standard Book Number 9788173818905
Terms of availability 415.00
035 ## - SYSTEM CONTROL NUMBER
System control number EN-93280
037 ## - SOURCE OF ACQUISITION
Source of stock number/acquisition DBAD/PUB
082 ## - DEWEY DECIMAL CLASSIFICATION NUMBER
Classification number 540.76
100 ## - MAIN ENTRY--PERSONAL NAME
Personal name Ray, Bidhan Chandra
245 00 - TITLE STATEMENT
Title A Textbook on chemistry practical :
Statement of responsibility, etc by Bidhan Chandra Ray [and] Satyanarayan Das
Remainder of title for BSc (Hons.) and MSc students /
260 ## - PUBLICATION, DISTRIBUTION, ETC. (IMPRINT)
Place of publication, distribution, etc Kolkata
Name of publisher, distributor, etc New Central Book Agency
Date of publication, distribution, etc 2014
270 ## - ADDRESS
Address 8/1 Chintamoni Das Lane
City Kolkata
Postal code 700009
300 ## - PHYSICAL DESCRIPTION
Extent xi,586p.
Dimensions 25cm(pbk)
500 ## - GENERAL NOTE
General note Includes index
700 ## - ADDED ENTRY--PERSONAL NAME
Personal name Das, Satyanarayan
942 ## - ADDED ENTRY ELEMENTS (KOHA)
Source of classification or shelving scheme Dewey Decimal Classification
Item type English Books
Call number suffix RAY
Classification part 540.76
Holdings
Withdrawn status Lost status Not for loan Collection code Home library Current library Date acquired Source of acquisition Cost, normal purchase price Full call number Barcode Copy number Cost, replacement price Koha item type
    Not For Loan Non-fiction D.B.Act.Division D.B.Act.Division 17/04/2014 DBAD/PUB 415.00 540.76 RAY EN-93280 1 415.00 English Books

© Delhi Public Library
Hit Counter
free hit counter